Sustainable construction and the issues for transport infrastructure (Record no. 65756)

MARC details
000 -LEADER
fixed length control field 01688cam a2200241 4500
001 - CONTROL NUMBER
control field ABS63278
008 - FIXED-LENGTH DATA ELEMENTS--GENERAL INFORMATION
fixed length control field 000000n2000 000 0 eng u
035 ## - SYSTEM CONTROL NUMBER
System control number (Sirsi) u110266
100 ## - MAIN ENTRY--PERSONAL NAME
Personal name Parry, T
110 ## - MAIN ENTRY--CORPORATE NAME
Corporate name or jurisdiction name as entry element IHT Highways and Infrastructure Board, Sustainability Working Group
9 (RLIN) 4002
245 ## - TITLE STATEMENT
Title Sustainable construction and the issues for transport infrastructure
260 ## - PUBLICATION, DISTRIBUTION, ETC.
Date of publication, distribution, etc. 2000
490 ## - SERIES STATEMENT
Series statement Highways & Transportation
Volume/sequential designation 47(2) December 2000, 10-12(3)
520 ## - SUMMARY, ETC.
Summary, etc. Considers the issues around sustainability and balancing the need for economic developement against the protection of the environment and the conservation of natural resources for future generations. In particular it looks at the effect of the government's drive for sustainability on transport, especially the need to reduce greenhouse gases when traffic is one of main and growing contributors. Also looks at government suggestions as to where the construction industry can make their own contribution and be more environmentally aware and friendly; these are taken from the government document, "Building a better quality of life: a strategy for more sustainable construction". Concludes with encouragement for the construction industry to take on board the changes required and suggests a possible project by the IHT Highways and Infrastructure Board that will be able to provide a suitable framework as well as provide advise and guidance. References.
590 ## - LOCAL NOTE (RLIN)
Local note ABS
650 ## - SUBJECT ADDED ENTRY--TOPICAL TERM
Topical term or geographic name entry element TRANSPORT
650 ## - SUBJECT ADDED ENTRY--TOPICAL TERM
Topical term or geographic name entry element ENVIRONMENTAL AWARENESS
650 ## - SUBJECT ADDED ENTRY--TOPICAL TERM
Topical term or geographic name entry element SUSTAINABLE DEVELOPMENT
650 ## - SUBJECT ADDED ENTRY--TOPICAL TERM
Topical term or geographic name entry element GREENHOUSE GASES
690 ## - LOCAL SUBJECT ADDED ENTRY--TOPICAL TERM (OCLC, RLIN)
Topical term or geographic name as entry element BUILT ENVIRONMENT-SUSTAINABLE CONSTRUCTION
700 ## - ADDED ENTRY--PERSONAL NAME
Personal name Wood, S
942 ## - ADDED ENTRY ELEMENTS (KOHA)
Suppress in OPAC 0
Holdings
Withdrawn status Lost status Source of classification or shelving scheme Damaged status Not for loan Home library Current library Shelving location Date acquired Total Checkouts Full call number Barcode Date last seen Copy number Price effective from Koha item type
    Dewey Decimal Classification     London London Journal article 09/01/2001   ABS63278 110266-1001 06/08/2019 1 06/08/2019 Journal article